000
00323nam a2200121Ia 4500
008
210430s9999 xx 000 0 und d
082
_a
070.43 M534 N
100
_a
Melvin Mencher
245
_a
NEWS Reporting And Writing
_c
Melvin Mencher
260
_a
ISLAMABAD
_b
Melvin Mencher
_c
2010
300
_a
711p
942
_c
BK
_2
ddc
999
_c
563140
_d
563140